<?xml version="1.0" encoding="UTF-8"?>
<record
    xmlns:xsi="http://www.w3.org/2001/XMLSchema-instance"
    xsi:schemaLocation="http://www.loc.gov/MARC21/slim http://www.loc.gov/standards/marcxml/schema/MARC21slim.xsd"
    xmlns="http://www.loc.gov/MARC21/slim">

  <leader>00767cam a22002412  4500</leader>
  <datafield tag="999" ind1=" " ind2=" ">
    <subfield code="c">16685</subfield>
    <subfield code="d">16685</subfield>
  </datafield>
  <controlfield tag="001">0000025280</controlfield>
  <controlfield tag="003">OSt</controlfield>
  <controlfield tag="005">20180306145645.0</controlfield>
  <controlfield tag="008">150513s         xx           000 0 eng d</controlfield>
  <datafield tag="020" ind1=" " ind2=" ">
    <subfield code="a">1496344944 :</subfield>
  </datafield>
  <datafield tag="040" ind1=" " ind2=" ">
    <subfield code="a">KABU</subfield>
    <subfield code="c">KABU</subfield>
  </datafield>
  <datafield tag="050" ind1=" " ind2=" ">
    <subfield code="a">RT48.6</subfield>
    <subfield code="b">.C37 2017 c. 1</subfield>
  </datafield>
  <datafield tag="100" ind1=" " ind2=" ">
    <subfield code="a">Carpenito, Lynda Juall</subfield>
  </datafield>
  <datafield tag="245" ind1="1" ind2="0">
    <subfield code="a">Nursing diagnosis :</subfield>
    <subfield code="b">application to clinical practice /</subfield>
    <subfield code="c">Lynda Juall Carpenito.</subfield>
  </datafield>
  <datafield tag="250" ind1=" " ind2=" ">
    <subfield code="a">15th  ed.</subfield>
  </datafield>
  <datafield tag="260" ind1=" " ind2=" ">
    <subfield code="a">Philadelphia :</subfield>
    <subfield code="b">Wolters Kluwer,</subfield>
    <subfield code="c">2017.</subfield>
  </datafield>
  <datafield tag="300" ind1=" " ind2=" ">
    <subfield code="a">xix, 1156 p.</subfield>
  </datafield>
  <datafield tag="650" ind1=" " ind2="0">
    <subfield code="a">Nursing diagnosis.</subfield>
  </datafield>
  <datafield tag="700" ind1="1" ind2=" ">
    <subfield code="a">Carpenito-Moyet, Lynda Juall.</subfield>
  </datafield>
  <datafield tag="908" ind1=" " ind2=" ">
    <subfield code="a">150513</subfield>
  </datafield>
  <datafield tag="942" ind1=" " ind2=" ">
    <subfield code="2">lcc</subfield>
    <subfield code="c">BK</subfield>
    <subfield code="e">15th ed.</subfield>
    <subfield code="h">RT48.6</subfield>
    <subfield code="i">.C37 2017 c. 1</subfield>
  </datafield>
  <datafield tag="952" ind1=" " ind2=" ">
    <subfield code="0">0</subfield>
    <subfield code="1">0</subfield>
    <subfield code="2">lcc</subfield>
    <subfield code="7">0</subfield>
    <subfield code="a">KABU</subfield>
    <subfield code="b">KABU</subfield>
    <subfield code="c">GEN</subfield>
    <subfield code="d">2018-03-06</subfield>
    <subfield code="g">7250.00</subfield>
    <subfield code="l">1</subfield>
    <subfield code="o">RT48.6 .C37 2017 c. 1</subfield>
    <subfield code="p">33955</subfield>
    <subfield code="r">2023-08-17 00:00:00</subfield>
    <subfield code="s">2023-08-01</subfield>
    <subfield code="t">c. 1</subfield>
    <subfield code="w">2018-03-06</subfield>
    <subfield code="y">BK</subfield>
  </datafield>
  <datafield tag="952" ind1=" " ind2=" ">
    <subfield code="0">0</subfield>
    <subfield code="1">0</subfield>
    <subfield code="2">lcc</subfield>
    <subfield code="7">0</subfield>
    <subfield code="a">KABU</subfield>
    <subfield code="b">KABU</subfield>
    <subfield code="c">GEN</subfield>
    <subfield code="d">2018-03-06</subfield>
    <subfield code="g">7250.00</subfield>
    <subfield code="l">3</subfield>
    <subfield code="o">RT48.6 .C37 2017 c. 2</subfield>
    <subfield code="p">024015</subfield>
    <subfield code="r">2018-12-13 00:00:00</subfield>
    <subfield code="s">2018-12-11</subfield>
    <subfield code="t">c. 2</subfield>
    <subfield code="w">2018-03-06</subfield>
    <subfield code="y">BK</subfield>
  </datafield>
  <datafield tag="952" ind1=" " ind2=" ">
    <subfield code="0">0</subfield>
    <subfield code="1">0</subfield>
    <subfield code="2">lcc</subfield>
    <subfield code="7">0</subfield>
    <subfield code="a">KABU</subfield>
    <subfield code="b">KABU</subfield>
    <subfield code="c">GEN</subfield>
    <subfield code="d">2018-03-06</subfield>
    <subfield code="g">7250.00</subfield>
    <subfield code="l">1</subfield>
    <subfield code="o">RT48.6 .C37 2017 c. 3</subfield>
    <subfield code="p">024392</subfield>
    <subfield code="r">2018-12-04 00:00:00</subfield>
    <subfield code="s">2018-11-23</subfield>
    <subfield code="t">c. 3</subfield>
    <subfield code="w">2018-03-06</subfield>
    <subfield code="y">BK</subfield>
  </datafield>
  <datafield tag="952" ind1=" " ind2=" ">
    <subfield code="0">0</subfield>
    <subfield code="1">0</subfield>
    <subfield code="2">lcc</subfield>
    <subfield code="7">0</subfield>
    <subfield code="a">KABU</subfield>
    <subfield code="b">KABU</subfield>
    <subfield code="c">GEN</subfield>
    <subfield code="d">2018-03-06</subfield>
    <subfield code="g">5139.00</subfield>
    <subfield code="l">1</subfield>
    <subfield code="o">RT48.6 .C37 2017 c. 4</subfield>
    <subfield code="p">022807</subfield>
    <subfield code="r">2021-02-15 00:00:00</subfield>
    <subfield code="s">2021-01-28</subfield>
    <subfield code="t">c.4</subfield>
    <subfield code="w">2018-03-06</subfield>
    <subfield code="y">BK</subfield>
  </datafield>
  <datafield tag="952" ind1=" " ind2=" ">
    <subfield code="0">0</subfield>
    <subfield code="1">0</subfield>
    <subfield code="2">lcc</subfield>
    <subfield code="7">0</subfield>
    <subfield code="a">KABU</subfield>
    <subfield code="b">KABU</subfield>
    <subfield code="c">GEN</subfield>
    <subfield code="d">2018-03-06</subfield>
    <subfield code="g">5139.00</subfield>
    <subfield code="l">0</subfield>
    <subfield code="o">RT48.6 .C37 2017 c. 5</subfield>
    <subfield code="p">022805</subfield>
    <subfield code="r">2019-01-22 00:00:00</subfield>
    <subfield code="t">c.5</subfield>
    <subfield code="w">2018-03-06</subfield>
    <subfield code="y">BK</subfield>
  </datafield>
  <datafield tag="952" ind1=" " ind2=" ">
    <subfield code="0">0</subfield>
    <subfield code="1">0</subfield>
    <subfield code="2">lcc</subfield>
    <subfield code="7">0</subfield>
    <subfield code="a">KABU</subfield>
    <subfield code="b">KABU</subfield>
    <subfield code="c">GEN</subfield>
    <subfield code="d">2018-03-06</subfield>
    <subfield code="g">5139.00</subfield>
    <subfield code="l">1</subfield>
    <subfield code="o">RT48.6 .C37 2017 c. 6</subfield>
    <subfield code="p">022802</subfield>
    <subfield code="r">2020-02-10 00:00:00</subfield>
    <subfield code="s">2020-01-22</subfield>
    <subfield code="t">c.6</subfield>
    <subfield code="w">2018-03-06</subfield>
    <subfield code="y">BK</subfield>
  </datafield>
  <datafield tag="952" ind1=" " ind2=" ">
    <subfield code="0">0</subfield>
    <subfield code="1">0</subfield>
    <subfield code="2">lcc</subfield>
    <subfield code="7">0</subfield>
    <subfield code="a">KABU</subfield>
    <subfield code="b">KABU</subfield>
    <subfield code="c">GEN</subfield>
    <subfield code="d">2018-03-06</subfield>
    <subfield code="g">5139.00</subfield>
    <subfield code="l">0</subfield>
    <subfield code="o">RT48.6 .C37 2017 c. 7</subfield>
    <subfield code="p">022803</subfield>
    <subfield code="r">2019-01-22 00:00:00</subfield>
    <subfield code="t">c.7</subfield>
    <subfield code="w">2018-03-06</subfield>
    <subfield code="y">BK</subfield>
  </datafield>
</record>
